| 000 | 01246cam a2200373 a 4500 | ||
|---|---|---|---|
| 001 | 4012 | ||
| 003 | FISKH | ||
| 005 | 20250820105946.0 | ||
| 008 | 120507s2013 nyua a 000 1 eng | ||
| 010 | _a 2012013312 | ||
| 020 | _a9780399254697 | ||
| 020 | _a9780545706124 | ||
| 040 |
_aDLC _cDLC _dDLC _beng |
||
| 042 |
_alcac _apcc |
||
| 050 | 0 | 0 |
_aPZ7.L8555 _bOtp 2013 |
| 082 | 0 | 0 | _2813.6 |
| 100 | 1 | _aLong, Loren | |
| 245 | 1 | 0 |
_aOtis and the puppy / _cLoren Long |
| 260 |
_aNew York : _bScholastic, _c2013 |
||
| 300 |
_a37 unnumberd pages : _bcolor illustrations; _c28 x 29 cm. |
||
| 505 | _aM | ||
| 520 | _aWhen a puppy gets lost while playing hide and seek on the farm, Otis the friendly little tractor must face his fear of the darkness in order to help his new friend. | ||
| 521 | 8 |
_a630
_bLexile AD |
|
| 521 | 8 |
_aM
_bRaz-Plus |
|
| 650 | 1 |
_aFriendship _vFiction. |
|
| 650 | 1 |
_aFear of the dark _vFiction. |
|
| 650 | 1 |
_aTractors _vFiction. |
|
| 650 | 1 |
_aDogs _vFiction. |
|
| 650 | 1 |
_aAnimals _xInfancy _vFiction. |
|
| 650 | 1 |
_aFarm life _vFiction. |
|
| 906 |
_a7 _bcbc _corignew _d1 _eecip _f20 _gy-gencatlg |
||
| 942 |
_2ddc _cBK _n0 |
||
| 999 |
_c4012 _d4012 |
||